[Event "IND AICF-ch blind 18th"]
[Site "Odisha"]
[Date "2025.04.05"]
[Round "8"]
[White "Deepak, Kumar Bhoi"]
[Black "Sarita, Prabhakar Karde"]
[Result "1-0"]
[WhiteElo "1500"]
[BlackElo "1536"]
[PlyCount "68"]
[EventDate "2025.04.02"]
[EventType "swiss"]
[EventRounds "9"]
[EventCountry "IND"]
[SourceTitle "CB15_2025"]
[SourceDate "2025.04.09"]
[SourceVersion "1"]
[SourceVersionDate "2025.04.09"]
[SourceQuality "1"]

1. d4 Nf6 2. Nf3 d5 3. Bf4 e6 4. e3 c6 5. c3 Be7 6. Nbd2 Nbd7 7. Bd3 h6 8. Ne5 Nxe5 9. Bxe5 Bd6 10. Bg3 Qc7 11. Bxd6 Qxd6 12. f4 Bd7 13. Nf3 c5 14. Ne5 cxd4 15. exd4 Bc6 16. Qe2 Nd7 17. 0-0 Nxe5 18. fxe5 Qe7 19. Rae1 0-0 20. Bb1 a6 21. Qc2 g6 22. Rf6 Be8 23. Qd2 Kg7 24. Re3 Rh8 25. Rg3 h5 26. Qg5 Qd8 27. Bxg6 fxg6 28. Rxg6+ Bxg6 29. Qxg6+ Kf8 30. Qg7+ Ke8 31. Qxh8+ Kd7 32. Qxd8+ Rxd8 33. Rg7+ Kc6 34. Rh7 b5 1-0